| 000 | 00721cab a2200241 4500 | ||
|---|---|---|---|
| 001 | WB3345-41 | ||
| 008 | 090401t1997 xxu||||| |||| 00| 0 eng d | ||
| 035 | _a(Sirsi) u82275 | ||
| 041 | _aeng | ||
| 245 | _aArchitects want more festive sparkle | ||
| 260 | _c1997 | ||
| 350 | _a0 | ||
| 490 |
_aTimes _v21 november 1997, 10(1) |
||
| 520 | _aEfforts are being made through RIBA Journal`s Campaign for Better Christmas Lights, to brighten up traditional street displays. | ||
| 650 | _aCAMPAIGN FOR BETTER CHRISTMAS LIGHTS | ||
| 650 | _aCHRISTMAS | ||
| 650 | _aHIGH STREETS | ||
| 650 | _aSTREET FURNITURE | ||
| 650 | _aSTREET LIGHTING | ||
| 690 | _aLEISURE AND RECREATION | ||
| 942 | _n0 | ||
| 948 | _c21/11/1997 | ||
| 999 |
_c51916 _d51916 |
||